Gouvernement représentatif

Saved in:
Bibliografiske detaljer
Hovedforfatter: Mill, John Stuart (autor)
Format: Bog
Sprog:fransk
Udgivet: París Guillaumin 1862
Fag:
Tags: Tilføj Tag
Ingen Tags, Vær først til at tagge denne postø!

MARC

LEADER 00000nam a2200000 a 4500
001 UCS5866
003 CL-VaPUC
005 20220112131514.0
008 970906e18620000FR |||||||||||||||||fre|d
999 |c 261997  |d 261995 
040 |c Pontificia Universidad Católica de Valparaíso 
082 0 4 |a 144.6  |b MIL  |2 21 
100 |a Mill, John Stuart   |e autor  |9 257759 
245 1 0 |a Gouvernement représentatif 
260 |a París  |b Guillaumin  |c 1862 
300 |a 411 p 
583 |a last modification  |c 20160913 11:32:36  |k Rodrigo Vera 
650 7 |a FILOSOFIA POLITICA  |2 CL-VaPUC  |9 391400 
650 7 |a GOBIERNOS  |2 CL-VaPUC  |9 376544 
942 |c BK  |2 ddc 
945 |d 19970906 00:00:00  |a lriquelm 
952 |0 0  |1 0  |4 0  |6 144_600000000000000_MIL_1862  |7 0  |8 DER_TF  |9 290136  |a BIBDER  |b BIBDER  |d 2019-11-19  |i 1880101  |o 144.6 MIL 1862  |p 1880101  |r 2023-01-25  |w 2019-11-19  |x Ubicación 4to Piso  |y BK_X  |z Estos recursos deben solicitarse con anticipación  |k DER